| 000 | 00737nam a2200217Ia 4500 | ||
|---|---|---|---|
| 005 | 20211111074310.0 | ||
| 008 | 130821s2001 ck gr spa | ||
| 020 | _a9587010817 | ||
| 040 |
_aCo-BoUCM _bspa |
||
| 041 | 0 | 0 | _aspa |
| 100 | 1 |
_aUmaña Luna, Eduardo _960810 |
|
| 245 | 1 | 0 |
_aColombia delitos de lesa humanidad y al D.P.H. información y llamamiento a su estudio profundo _cEduardo umaña Luna |
| 260 |
_aBogotá (Colombia) _bSintrateléfonos _c2001 |
||
| 300 | _a275 páginas | ||
| 650 | 0 | 4 |
_aDelitos violentos _912604 |
| 650 | 0 | 4 |
_aDerecho internacional _912776 |
| 650 | 0 | 4 |
_aDerechos humanos _97499 |
| 650 | 0 | 4 |
_aGenocidio _916325 |
| 942 |
_cLIBRO _a8 _e1 _mU48c _2DEWEY _h364.135 |
||
| 999 |
_c50430 _d50430 |
||